• 首页
  • 本馆介绍
  • 公告通知
  • 最新文献
  • 馆藏检索
  • 电子资源
  • 读者导购
  • 参考咨询
  • 我的图书馆
  • 登录
  • 详细信息显示
  • 放入我的书架
  • 预约/预借图书
  • 作者相关作品
  • 分类相关作品
  • 丛书相关作品
  • 出版社相关作品

书目信息

  • 表格格式
  • 工作单格式
  • 卡片格式
题名:
文化创意与传媒产业研究
    
 
作者: 詹成大 主编
分册:  
出版信息: 北京   中国广播电视出版社  2009
页数: 295页
开本: 26cm
丛书名: 传媒与文化产业管理论丛
单 册:
中图分类: G114 , G206.2
科图分类:
主题词: 文化--产业--研究 , 传播媒介--产业--研究 , 文化 , 产业 , 传播媒介
电子资源:
ISBN: 978-7-5043-6075-5
000 01071oam2 2200325 45
001 1029919288
005 20100428151016.15
010    @a978-7-5043-6075-5@dCNY40.00
100    @a20100420d2009 em y0chiy50 ea
101 0  @achi@aeng
102    @aCN@b110000
105    @ay z 000yy
106    @ar
200 1  @a文化创意与传媒产业研究@AWen Hua Chuang Yi Yu Chuan Mei Chan Ye Yan Jiu@f詹成大主编@FZhan Cheng Da Zhu Bian
210    @a北京@c中国广播电视出版社@d2009
215    @a295页@d26cm
225 2  @a传媒与文化产业管理论丛
300    @a浙江省重点学科广播电视新闻学资助项目
330    @a本书以“文化创意与传媒产业”为主题,从文化创意产业改革、数字媒体运营、广电传媒突围等多角度研究文化创意与传媒行业的热点问题。
461  0 @1001 @@a传媒与文化产业管理论丛
606 0  @a文化@x产业@x研究
606 0  @a传播媒介@x产业@x研究
606 0  @a文化
606 0  @a产业
606 0  @a传播媒介
690    @aG114@v4
690    @aG206.2@v4
701  0 @a詹成大@AZhan Cheng Da@f(1963~)@4主编
801  0 @aCN@bTANGWEI@c20100428
905    @b0594273-77@dG114@e15@f5
    
    文化创意与传媒产业研究/詹成大主编.-北京:中国广播电视出版社,2009
    295页;26cm.-(传媒与文化产业管理论丛)
    浙江省重点学科广播电视新闻学资助项目
    
    ISBN 978-7-5043-6075-5:CNY40.00
    本书以“文化创意与传媒产业”为主题,从文化创意产业改革、数字媒体运营、广电传媒突围等多角度研究文化创意与传媒行业的热点问题。
●
相关链接 在E读中查询图书 在五车中查询图书 在当当中查询图书 在豆瓣中查询图书


正题名:文化创意与传媒产业研究     索取号:G114/15         预约/预借

序号 登录号 条形码 馆藏地/架位号 状态 备注
1 0594273   205942738   第一样本阅览室/ [索取号:G114/15] 在馆    
2 0594274   205942747   第四借阅区/ [索取号:G114/15] 在馆    
3 0594275   205942756   第四借阅区/ [索取号:G114/15] 在馆    
4 0594276   205942765   第四借阅区/ [索取号:G114/15] 已借出,限还日期为2013.04.02
借出人:陈明阳  
 
5 0594277   205942774   第四借阅区/ [索取号:G114/15] 在馆    
唐山师范学院图书馆 欢迎您!
大连网信软件有限公司© 版权所有